| 000 | 00551nam a22001817a 4500 | ||
|---|---|---|---|
| 005 | 20230328085525.0 | ||
| 008 | 230328b |||||||| |||| 00| 0 eng d | ||
| 020 | _a981-4119-98-9 | ||
| 082 | _a658.5 T128 2003 | ||
| 100 |
_aTaha, Handy A. _eauthor |
||
| 245 |
_aOperations research: _ban introduction / _cHandy A. Taha |
||
| 250 | _a7th ed. | ||
| 260 |
_aSingapore: _bPearson Education (Asia), _cc2003 |
||
| 300 |
_axvii, 830p.: _bill. |
||
| 504 | _aIncludes index | ||
| 541 | _e2036 c.1, 2096 c.2, 2097 c.3, 2098 c.4, | ||
| 650 | _aOperations research | ||
| 999 |
_c2049 _d2049 |
||